[Event "Omegna op-B 3rd"]
[Site "Omegna"]
[Date "2015.08.09"]
[Round "4"]
[White "Buffat, Pierre Andre"]
[Black "Cella, Pietro"]
[Result "1/2-1/2"]
[WhiteElo "1734"]
[BlackElo "1517"]
[PlyCount "174"]
[EventDate "2015.08.07"]
[EventType "swiss"]
[EventRounds "5"]
[EventCountry "ITA"]
[SourceTitle "EXT 2018"]
[Source "ChessBase"]
[SourceDate "2017.10.13"]
[SourceVersion "1"]
[SourceVersionDate "2017.10.13"]
[SourceQuality "1"]

1. Nf3 c5 2. c4 Nc6 3. d4 cxd4 4. Nxd4 g6 5. Nc3 Bg7 6. Nc2 Nf6 7. g3 0-0 8. Bg2 d6 9. b3 Be6 10. Bb2 Qd7 11. h3 Rab8 12. Nd5 Ne8 13. Bxg7 Kxg7 14. Rc1 Nc7 15. Nxc7 Qxc7 16. 0-0 Qd7 17. Kh2 a6 18. Nd4 Nxd4 19. Qxd4+ Kg8 20. Rfd1 Rfd8 21. Qh4 Qe8 22. Qh6 b5 23. cxb5 axb5 24. Rd4 Qf8 25. Qd2 Qg7 26. Bd5 Bxd5 27. Rxd5 Qf6 28. f3 Qe6 29. Rd4 Rdc8 30. Re4 Qf6 31. Rc2 Rxc2 32. Qxc2 Qf5 33. Qc7 Re8 34. Rxe7 Rxe7 35. Qxe7 Qc5 36. Kg2 Qc2 37. Qe8+ Kg7 38. Qxb5 Qxa2 39. Qd3 Qb2 40. Kf2 Qe5 41. b4 Qe6 42. Kg2 d5 43. b5 Kg8 44. e4 dxe4 45. fxe4 Qa2+ 46. Kf3 Qe6 47. Qd8+ Kg7 48. b6 Qxh3 49. Qd4+ Kg8 50. Qa1 Qh5+ 51. Ke3 Qc5+ 52. Qd4 Qc1+ 53. Kf3 Qf1+ 54. Qf2 Qd3+ 55. Qe3 Qd1+ 56. Qe2 Qb3+ 57. Qe3 Qd1+ 58. Kf4 Qd6+ 59. e5 Qb4+ 60. Kf3 Qb1 61. g4 Qd1+ 62. Kg3 Qb1 63. e6 fxe6 64. Qxe6+ Kf8 65. Qc8+ Ke7 66. b7 Qe1+ 67. Kf3 Qf1+ 68. Ke4 Qe2+ 69. Kd5 Qd3+ 70. Kc5 Qe3+ 71. Kb5 Qb3+ 72. Ka6 Qa3+ 73. Kb6 Qb4+ 74. Ka7 Qa4+ 75. Kb8 Kd6 76. Qc7+ Ke6 77. Kc8 Qe8+ 78. Qd8 Qc6+ 79. Kb8 Qa4 80. Qg8+ Kd6 81. Qf8+ Ke6 82. Qc5 Kd7 83. Qc7+ Ke6 84. Qxh7 Qe8+ 85. Ka7 Qa4+ 86. Kb6 Qb4+ 87. Kc7 Qa5+ 1/2-1/2